Statistiques concernant Pays les plus heureux d'Asie

Cliquez ici pour prendre le quiz!

Statistiques générales

  • Ce quiz a été pris 79 fois
  • Le résultat moyen est 15 sur 20

Statistiques - réponses

Pays% Correct
Japon
99%
Corée du Sud
94%
Malaisie
86%
Singapour
86%
Turquie
85%
Taïwan
83%
Israël
82%
Qatar
82%
Thaïlande
81%
Koweit
79%
Arabie Saoudite
78%
Jordanie
76%
Ouzbekistan
76%
Turkmenistan
71%
Bahrein
68%
Philippines
64%
Russie
64%
Kazakhstan
61%
Chypre
56%
Emirats Arabes Unis
56%

Distribution des résultats

Percentile par nombre de réponses

% des personnes avec chaque résultat

Votre développement - résultats

Vous n’avez pas pris ce quiz